Events by U.S. State #3 - Statistics

General Stats
  • This quiz has been taken 8,095 times
  • The average score is 11 of 16
Answer Stats
Question Answer % Correct
1692: The Salem witch trials Massachusetts
94%
1513: Juan Ponce de León leads the first European expedition to visit the mainland U.S. Florida
87%
1980: Mount St. Helens erupts Washington
84%
1774: The First Continental Congress Pennsylvania
82%
2001: United Airlines Flight 93 crashes into the ground after passengers fight back against terrorists Pennsylvania
82%
1861: The Civil War begins with the Battle of Fort Sumter South Carolina
81%
1971: The first Starbucks location opens Washington
80%
1878: Edison invents the first practical light bulb New Jersey
78%
1925: A dog named Balto helps deliver medication to a remote town Alaska
77%
1925: John Scopes is put on trial for teaching evolution Tennessee
74%
1804: The starting point of the Lewis and Clark expedition Missouri
69%
1848: The Seneca Falls Convention launches the women's rights movement New York
60%
1886: Apache leader Geronimo is captured by U.S. forces Arizona
59%
1968: Robert F. Kennedy is assassinated by Sirhan Sirhan California
59%
1889: Over 2000 people die in the Johnstown Flood after a dam collapses Pennsylvania
35%
1846: Members of the Donner Party resort to cannibalism California
32%
No matching quizzes found
Score Distribution
Percent of People with Each Score
Percentile by Number Answered
Your Score History
You have not taken this quiz